Hội nhập quốc tế về khoa học - công nghệ của ASEAN, hướng tới cộng đồng ASEAN /

Na minha lista:
Detalhes bibliográficos
Autor principal: Bạch Tân Sinh.
Formato: Artigo
Idioma:Vietnamese
Assuntos:
Tags: Adicionar Tag
Sem tags, seja o primeiro a adicionar uma tag!
Thư viện lưu trữ: Thư viện Trường Đại học Đà Lạt
LEADER 00757nam a2200241 4500
001 DLU170179410
005 ##20170324
040 # # |a DLU  |b vie 
041 # # |a vie 
044 # # |a vn 
100 # # |a Bạch Tân Sinh. 
245 # # |a Hội nhập quốc tế về khoa học - công nghệ của ASEAN, hướng tới cộng đồng ASEAN /  |c Bạch Tân Sinh. 
653 # # |a ASEAN 
653 # # |a Hội nhập quốc tế  
773 # # |t Nghiên cứu quốc tế  |g Số 2(101), 2015, tr. 187--206 
920 # # |a Phòng Tạp chí -- Trung tâm Thông tin - Thư viện Trường Đại học Đà Lạt 
900 # # |a True 
911 # # |a Nguyễn Thị Thu Phương 
925 # # |a G 
926 # # |a A 
927 # # |a BB 
980 # # |a Thư viện Trường Đại học Đà Lạt